000 00692nam a2200217Ia 4500
008 101110s9999 xx 000 0 und d
041 _aENGLISH
082 _bJR6184
100 _aMaharashtra State Board of Secondary & higher Secondary Education, Pune
245 _aOrganisation of commerce and management Std. XI
260 _c2009
_bMaharashtra Rajya Madhyamik & Uchha Madhyamik Shikshan Mandal,Pune
300 _a170
365 _b59
520 _acommerce
546 _aENGLISH
630 _aOrganisation of commerce and management Std. XI
650 _acommerce
655 _acommerce
730 _aOrganisation of commerce and management Std. XI
942 _cBOOK
999 _c796977
_d796974